[Event "Stuttgarter Stadtmeisterschaft 2010 A"]
[Site "Ditzingen"]
[Date "2010.05.13"]
[Round "2.53"]
[White "Paul, Mathias"]
[Black "Töws, Manuel"]
[Result "1/2-1/2"]
[WhiteElo "2009"]
[BlackElo "1910"]
[PlyCount "68"]
[EventDate "2010.??.??"]

1. e4 c5 2. Nc3 Nc6 3. g3 g6 4. Bg2 Bg7 5. d3 d6 6. Be3 Nd4 7. Qd2 Rb8 8. Nd1
b5 9. c3 Nc6 10. f4 e6 11. e5 Nge7 12. d4 cxd4 13. cxd4 O-O 14. Nc3 d5 15. Nf3
Ba6 16. Bf1 Qa5 17. g4 b4 18. Ne2 Bc4 19. Ng3 Bxf1 20. Rxf1 b3 21. Qxa5 Nxa5
22. f5 gxf5 23. gxf5 Nc4 24. Bc1 Nxf5 25. Nxf5 exf5 26. Rg1 Kh8 27. Nh4 f4 28.
Nf5 Rg8 29. axb3 Rxb3 30. Rxa7 Nxb2 31. Nxg7 Nd3+ 32. Kd2 Nxc1 33. Rxf7 Na2 34.
Rxf4 Rb2+ 1/2-1/2

[Event "Stuttgarter Stadtmeisterschaft 2010 A"]
[Site "Ditzingen"]
[Date "2010.05.13"]
[Round "2.54"]
[White "Günthner, Arthur"]
[Black "Janata, Andreas"]
[Result "1/2-1/2"]
[WhiteElo "1897"]
[BlackElo "2002"]
[PlyCount "65"]
[EventDate "2010.??.??"]

1. d4 Nf6 2. c4 c5 3. d5 b5 4. cxb5 a6 5. b6 e6 6. Nc3 exd5 7. Nxd5 Nxd5 8.
Qxd5 Nc6 9. e4 Be7 10. Bc4 O-O 11. Nf3 Rb8 12. O-O Rxb6 13. Ng5 Bxg5 14. Bxg5
Qc7 15. Qxc5 Rxb2 16. Rab1 d6 17. Qa3 Rxb1 18. Rxb1 Nd4 19. Bd5 h6 20. Be3 Qc2
21. Re1 Nb5 22. Qb4 Qc3 23. Rb1 Be6 24. Rc1 Qa3 25. Qb3 Qxb3 26. axb3 Rc8 27.
Rxc8+ Bxc8 28. f3 Be6 29. Bb7 Bxb3 30. Bxa6 Nc7 31. Bb7 Kf8 32. Kf2 Ke7 33. Bc6
1/2-1/2

[Event "Stuttgarter Stadtmeisterschaft 2010 A"]
[Site "Ditzingen"]
[Date "2010.05.13"]
[Round "2.55"]
[White "Körber, Thomas"]
[Black "Viehoff, Jürgen"]
[Result "1/2-1/2"]
[WhiteElo "2002"]
[BlackElo "1886"]
[PlyCount "47"]
[EventDate "2010.??.??"]

1. Nf3 Nf6 2. d4 d5 3. e3 Nbd7 4. Bd3 c5 5. b3 g6 6. Bb2 Bg7 7. O-O O-O 8. Nbd2
Qc7 9. Rc1 b6 10. c4 Ba6 11. Qe2 Rac8 12. Rfd1 Qb8 13. cxd5 Bxd3 14. Qxd3 Nxd5
15. Ba3 Rfd8 16. Qb5 Qb7 17. Bb2 a6 18. Qe2 cxd4 19. exd4 Rxc1 20. Rxc1 Rc8 21.
Rxc8+ Qxc8 22. Qc4 Qxc4 23. bxc4 Nb4 24. a3 1/2-1/2

[Event "Stuttgarter Stadtmeisterschaft 2010 A"]
[Site "Ditzingen"]
[Date "2010.05.13"]
[Round "2.56"]
[White "Baumeister, Wolfgang"]
[Black "Schuster, Gerhard"]
[Result "0-1"]
[WhiteElo "1881"]
[BlackElo "1996"]
[PlyCount "90"]
[EventDate "2010.??.??"]

1. e4 c6 2. f4 d5 3. Nf3 Bg4 4. e5 h5 5. d4 Nh6 6. Bd3 e6 7. Nbd2 Nf5 8. c3 Be7
9. Nf1 Nh4 10. Qb3 Nxg2+ 11. Kf2 Nh4 12. Ng5 Qb6 13. h3 Bf5 14. Bxf5 Nxf5 15.
Ng3 Nxg3 16. Kxg3 Nd7 17. Be3 Qa6 18. Qc2 Bxg5 19. fxg5 O-O-O 20. Rae1 f6 21.
Qe2 h4+ 22. Kh2 fxe5 23. Qxa6 bxa6 24. dxe5 Nxe5 25. Kg2 Nd3 26. Re2 e5 27. Rd1
e4 28. Red2 Rd7 29. Rxd3 exd3 30. Rxd3 Re8 31. Bf2 Re2 32. Kf1 Rxb2 33. Bxh4
Rf7+ 34. Ke1 Rxa2 35. g6 Rf4 36. Bg3 Re4+ 37. Kd1 Rg2 38. Rf3 Ra4 39. Bf2 Ra1+
40. Kd2 Ra2+ 41. Ke3 Raxf2 42. Rxf2 Rxf2 43. Kxf2 Kd7 44. Ke3 Ke6 45. Kd4 a5
0-1

[Event "Stuttgarter Stadtmeisterschaft 2010 A"]
[Site "Ditzingen"]
[Date "2010.05.13"]
[Round "2.57"]
[White "Braun, Rüdiger-Thomas"]
[Black "Schembera, Jörg"]
[Result "1/2-1/2"]
[WhiteElo "1988"]
[BlackElo "1854"]
[PlyCount "120"]
[EventDate "2010.??.??"]

1. e4 c5 2. Nf3 d6 3. d4 cxd4 4. Nxd4 Nf6 5. Nc3 g6 6. Bg5 Bg7 7. Qd2 h6 8. Bh4
g5 9. Bg3 Qb6 10. O-O-O Nh5 11. Nd5 Qxd4 12. Qxd4 Bxd4 13. Nc7+ Kd8 14. Nxa8
Nxg3 15. fxg3 Nc6 16. Bb5 Bg4 17. Rd3 Be2 18. Rb3 Bxb5 19. Rxb5 Kc8 20. c3 Be5
21. Rf1 Rf8 22. Kc2 Kb8 23. Nb6 axb6 24. Rxb6 e6 25. Kd3 Kc7 26. Rb5 f6 27. g4
Bxh2 28. Rh1 Bf4 29. Rxh6 Rf7 30. Rb3 Ne5+ 31. Ke2 Nxg4 32. Rh8 f5 33. Rb4 Nf6
34. Rc4+ Kb6 35. exf5 exf5 36. Rb4+ Kc7 37. Rc4+ Kb6 38. Ra8 Re7+ 39. Kd1 Nd5
40. Rcc8 Ne3+ 41. Ke2 Nxg2+ 42. Kf2 Ne3 43. Ra3 Rc7 44. Rd8 Rc5 45. Rb8 Kc7 46.
Rf8 Nd1+ 47. Ke1 Nxb2 48. Rf7+ Kc6 49. Rb3 Nd3+ 50. Kf1 b6 51. c4 Nc1 52. Ra3
Ra5 53. Rxa5 bxa5 54. Rxf5 Kb6 55. Rb5+ Ka6 56. Rb2 Nd3 57. Rb3 Ne5 58. Rc3 Kb6
59. Rb3+ Ka6 60. Rc3 Kb6 1/2-1/2

[Event "Stuttgarter Stadtmeisterschaft 2010 A"]
[Site "Ditzingen"]
[Date "2010.05.13"]
[Round "2.58"]
[White "Novak, Josua"]
[Black "Klaus, Daniel"]
[Result "1/2-1/2"]
[WhiteElo "1865"]
[BlackElo "1985"]
[PlyCount "45"]
[EventDate "2010.??.??"]

1. e4 c5 2. Nf3 e6 3. d4 cxd4 4. Nxd4 a6 5. Nc3 Qc7 6. Be2 Nf6 7. Be3 Be7 8.
O-O O-O 9. f4 d6 10. Bf3 Bd7 11. Kh1 Nc6 12. g4 Nxd4 13. Bxd4 Bc6 14. g5 Nd7
15. Bg2 b5 16. Qh5 f5 17. Rf3 g6 18. Qh6 Rf7 19. Rh3 Nf8 20. Nd5 Qb7 21. Re1 e5
22. exf5 Bxd5 23. Bxd5 1/2-1/2

[Event "Stuttgarter Stadtmeisterschaft 2010 A"]
[Site "Ditzingen"]
[Date "2010.05.13"]
[Round "2.59"]
[White "Baskin, Robert"]
[Black "Yin, Stanley"]
[Result "1-0"]
[WhiteElo "1828"]
[BlackElo "1976"]
[PlyCount "27"]
[EventDate "2010.??.??"]

1. e4 c6 2. d4 Na6 3. Nc3 Nc7 4. Bf4 d6 5. Bd3 g6 6. Nge2 Bg7 7. O-O e5 8. dxe5
dxe5 9. Be3 Ne7 10. Bc4 Be6 11. Bb3 O-O 12. Bc5 Qe8 13. Qd6 b6 14. Qxe7 1-0

[Event "Stuttgarter Stadtmeisterschaft 2010 A"]
[Site "Ditzingen"]
[Date "2010.05.13"]
[Round "2.60"]
[White "Schmid, Eugen"]
[Black "Naundorf, Jo-Jan"]
[Result "1-0"]
[WhiteElo "1974"]
[BlackElo "1809"]
[PlyCount "137"]
[EventDate "2010.??.??"]

1. d4 f5 2. Nf3 Nf6 3. c4 e6 4. g3 Be7 5. Bg2 O-O 6. O-O c6 7. Nbd2 d5 8. Ne5
Nbd7 9. Nd3 Qe8 10. Qc2 Qg6 11. Nf3 Ng4 12. Bf4 h5 13. h4 Ndf6 14. Bg5 Bd6 15.
c5 Bc7 16. Bf4 Bxf4 17. Nxf4 Qe8 18. Nd3 Ne4 19. Qc1 Qd8 20. Qf4 Bd7 21. Nfe5
Nh6 22. f3 Nf6 23. Qg5 Nf7 24. Nxf7 Rxf7 25. a3 Be8 26. Qe3 Bd7 27. b4 Qc7 28.
Ne5 Rff8 29. Qf4 Be8 30. Qg5 Nh7 31. Qd2 Nf6 32. Kh2 Nd7 33. Nxd7 Bxd7 34. f4
Rf6 35. Bf3 g6 36. e3 Rff8 37. Rfb1 a6 38. Be2 Ra7 39. Ra2 Rfa8 40. Rab2 Kf7
41. Kh3 Kf6 42. Rb3 Qd8 43. Kg2 Qe8 44. R1b2 Kf7 45. Bd3 Kg7 46. a4 Kf6 47. Kh3
Kf7 48. Kg2 Kf6 49. Kf3 Kf7 50. b5 axb5 51. axb5 cxb5 52. Bxb5 Bc6 53. Bxc6
Qxc6 54. Rb6 Qd7 55. Qb4 Ke8 56. Rxb7 Rxb7 57. Qxb7 Qxb7 58. Rxb7 Kf8 59. Ke2
Ra2+ 60. Kd3 Ra3+ 61. Kd2 Ra6 62. Kc3 Ke8 63. Rg7 Ra3+ 64. Kd2 Ra2+ 65. Kd3
Ra3+ 66. Ke2 Ra2+ 67. Kf3 Ra1 68. Rxg6 Rf1+ 69. Ke2 1-0

[Event "Stuttgarter Stadtmeisterschaft 2010 A"]
[Site "Ditzingen"]
[Date "2010.05.13"]
[Round "2.61"]
[White "Rempeli, Alex"]
[Black "Stitterich, Nadine"]
[Result "1-0"]
[WhiteElo "1807"]
[BlackElo "1974"]
[PlyCount "83"]
[EventDate "2010.??.??"]

1. d4 d5 2. c4 e6 3. Nc3 c6 4. e4 Bb4 5. Bd3 dxe4 6. Bxe4 Nf6 7. Bc2 O-O 8. Nf3
c5 9. a3 Ba5 10. Qd3 cxd4 11. Nxd4 e5 12. Nde2 Qxd3 13. Bxd3 Rd8 14. Bc2 Nc6
15. b4 Bc7 16. Bg5 Be6 17. c5 Nd4 18. Nxd4 exd4 19. Nb5 Rd7 20. Nxc7 Rxc7 21.
Bxf6 gxf6 22. Bd3 b6 23. cxb6 axb6 24. a4 Rc3 25. Kd2 Bd5 26. f3 Rc7 27. Ra3
Rca7 28. Rha1 Rc8 29. a5 Rb8 30. a6 Rc8 31. Rc1 Rd8 32. b5 h6 33. Ra4 Ba8 34.
Rcc4 Rad7 35. Be4 d3 36. Bxa8 Rxa8 37. Rd4 Rc7 38. Rac4 Re7 39. Rxd3 Re5 40.
Rb4 Re6 41. Rd7 f5 42. Rbd4 1-0

[Event "Stuttgarter Stadtmeisterschaft 2010 A"]
[Site "Ditzingen"]
[Date "2010.05.13"]
[Round "2.62"]
[White "Stein, Carsten"]
[Black "Steinhart, Matthias"]
[Result "1-0"]
[WhiteElo "1977"]
[BlackElo "1834"]
[PlyCount "71"]
[EventDate "2010.??.??"]

1. d4 d5 2. Nf3 Nc6 3. Bg5 h6 4. Bh4 Nf6 5. e3 Bg4 6. Be2 e6 7. h3 Bh5 8. g4
Bg6 9. Ne5 Bh7 10. Bb5 Qd6 11. c3 Nd7 12. Nxc6 bxc6 13. Bg3 e5 14. dxe5 Qe6 15.
Ba4 Rb8 16. Nd2 Rb6 17. Nf3 Be4 18. Nd4 Qg6 19. f3 Bd3 20. Bxc6 Rxc6 21. Nxc6
Bc5 22. Nd4 O-O 23. Qd2 Bb6 24. O-O-O Bb1 25. b3 c5 26. Kb2 cxd4 27. Rxb1 dxc3+
28. Qxc3 Nc5 29. Rhd1 Rc8 30. Ka1 Rc7 31. Rxd5 Ne4 32. Qe1 Nxg3 33. e4 Rc2 34.
Qxg3 Qc6 35. Qe1 Qc5 36. Rxc5 1-0

[Event "Stuttgarter Stadtmeisterschaft 2010 A"]
[Site "Ditzingen"]
[Date "2010.05.14"]
[Round "3.50"]
[White "Töws, Manuel"]
[Black "Körber, Thomas"]
[Result "1/2-1/2"]
[WhiteElo "1910"]
[BlackElo "2002"]
[PlyCount "36"]
[EventDate "2010.??.??"]
[WhiteTeam "BG Buchen"]
[BlackTeam "SF Fürth 1951 e.V."]

1. e4 c5 2. Nf3 d6 3. d4 cxd4 4. Nxd4 Nf6 5. Nc3 e6 6. Be3 a6 7. f3 Qc7 8. Qd2
Nc6 9. O-O-O b5 10. g4 h6 11. Nxc6 Qxc6 12. e5 b4 13. Ne4 Nxe4 14. fxe4 Bd7 15.
exd6 Rc8 16. Bg2 e5 17. Kb1 Bxg4 18. Qd5 Bxd1 1/2-1/2

[Event "Stuttgarter Stadtmeisterschaft 2010 A"]
[Site "Ditzingen"]
[Date "2010.05.14"]
[Round "3.27"]
[White "Arounopoulos, Stephan"]
[Black "Bissbort, Julian"]
[Result "1-0"]
[WhiteElo "2141"]
[BlackElo "2027"]
[PlyCount "73"]
[EventDate "2010.??.??"]
[WhiteTeam "SK e4 Gerlingen"]
[BlackTeam "Heilbronner SV"]

1. d4 Nf6 2. Nf3 b5 3. e3 a6 4. Bd3 Bb7 5. Nbd2 e6 6. O-O c5 7. c3 d5 8. Ne5
Nbd7 9. f4 Ne4 10. Qf3 f5 11. Qh5+ g6 12. Nxg6 Ndf6 13. Qh3 Rg8 14. Nxf8 Kxf8
15. Nf3 Qe7 16. Bd2 Nxd2 17. Nxd2 Ng4 18. Be2 c4 19. Bxg4 fxg4 20. Qh5 Rg7 21.
f5 exf5 22. Rxf5+ Kg8 23. Re5 Qf7 24. Qh4 Re8 25. Rf1 Qg6 26. Rff5 Rxe5 27.
Rxe5 h6 28. Qd8+ Kh7 29. Re8 Qh5 30. Rh8+ Kg6 31. Qd6+ Kg5 32. Qe5+ Kg6 33.
Qe6+ Kg5 34. Rf8 Qg6 35. Qe5+ Kh4 36. g3+ Kh3 37. Rf5 1-0

[Event "Stuttgarter Stadtmeisterschaft 2010 A"]
[Site "Ditzingen"]
[Date "2010.05.14"]
[Round "3.20"]
[White "Geshnizjani, Ramin Tobias"]
[Black "Höschele, Hans-Ulrich"]
[Result "1/2-1/2"]
[WhiteElo "2077"]
[BlackElo "2163"]
[PlyCount "77"]
[EventDate "2010.??.??"]
[WhiteTeam "Heilbronner SV"]
[BlackTeam "Stuttgarter SF 1879"]

1. e4 e5 2. Nf3 Nc6 3. Bb5 d6 4. d4 exd4 5. Nxd4 Bd7 6. O-O Be7 7. Nc3 Nf6 8.
b3 O-O 9. Bb2 a6 10. Bxc6 bxc6 11. Qd2 c5 12. Nde2 Bc6 13. Ng3 Nd7 14. Nd5 Bxd5
15. Qxd5 Bf6 16. Bxf6 Nxf6 17. Qf5 Qd7 18. Qg5 Qg4 19. Qxg4 Nxg4 20. Rfe1 Rfe8
21. Re2 f6 22. f4 a5 23. Rae1 a4 24. h3 Nh6 25. e5 fxe5 26. fxe5 Nf7 27. exd6
Rxe2 28. Rxe2 cxd6 29. Nf5 axb3 30. axb3 g6 31. Ne7+ Kg7 32. Nd5 Ra1+ 33. Kf2
Rd1 34. Nc3 Rd4 35. Ne4 Rb4 36. Ke3 c4 37. bxc4 Rxc4 38. Rd2 h5 39. Nxd6
1/2-1/2

[Event "Stuttgarter Stadtmeisterschaft 2010 A"]
[Site "Ditzingen"]
[Date "2010.05.14"]
[Round "3.32"]
[White "Wagner, Dennis"]
[Black "Lebeda, Timo"]
[Result "0-1"]
[WhiteElo "2112"]
[BlackElo "1944"]
[PlyCount "98"]
[EventDate "2010.??.??"]
[WhiteTeam "Kasseler SK 1876"]
[BlackTeam "SAbt VFB Reichenbach"]

1. e4 c5 2. Nf3 d6 3. d4 cxd4 4. Nxd4 Nf6 5. Nc3 a6 6. Bc4 e6 7. Be3 Be7 8. f4
b5 9. Qf3 Bb7 10. Bxe6 fxe6 11. Nxe6 Qc8 12. f5 Nc6 13. Bf4 Rg8 14. O-O-O Nd8
15. Nd5 Nxe6 16. fxe6 Bxd5 17. exd5 Qb7 18. g4 O-O-O 19. g5 Ne8 20. Rd3 Kb8 21.
Qe4 g6 22. h4 Ng7 23. a4 Rc8 24. axb5 Qxb5 25. Kb1 Rc4 26. Rd4 Rgc8 27. Bd2 Nf5
28. Rxc4 Qxc4 29. Qxc4 Rxc4 30. h5 Rh4 31. Rf1 Rxh5 32. Rf3 Bxg5 33. Rb3+ Ka7
34. Ba5 Be7 35. Rc3 Rh1+ 36. Ka2 Rd1 37. Rc7+ Kb8 38. c4 h5 39. Rd7 h4 40. Bd8
h3 41. Bxe7 Nxe7 42. Rd8+ Kc7 43. Rh8 Kb6 44. Rxh3 Kc5 45. Kb3 Nf5 46. Re3 Nxe3
47. e7 Rd3+ 48. Ka4 Nxc4 49. e8=Q Nxb2+ 0-1

[Event "Stuttgarter Stadtmeisterschaft 2010 A"]
[Site "Ditzingen"]
[Date "2010.05.14"]
[Round "3.58"]
[White "Yin, Stanley"]
[Black "Paschmann, Stefan"]
[Result "1-0"]
[WhiteElo "1976"]
[BlackElo "1913"]
[PlyCount "47"]
[EventDate "2010.??.??"]
[WhiteTeam "SC Noris-Tarrasch Nürnberg 1873"]
[BlackTeam "Krefelder Schachklub Turm 1851 e"]

1. c4 c6 2. d4 d5 3. Nc3 dxc4 4. e3 Nf6 5. Bxc4 Bf5 6. f3 e6 7. e4 Bg6 8. Nge2
Bb4 9. O-O O-O 10. Kh1 Nbd7 11. a3 Ba5 12. b4 Bc7 13. Nf4 Nb6 14. Nxg6 hxg6 15.
Bb3 Nh5 16. e5 Qh4 17. Ne4 Nd5 18. Bg5 Ng3+ 19. Kg1 Qh5 20. hxg3 f5 21. g4 Qh7
22. Bxd5 exd5 23. Nc5 Rae8 24. Kf2 1-0

[Event "Stuttgarter Stadtmeisterschaft 2010 A"]
[Site "Ditzingen"]
[Date "2010.05.14"]
[Round "3.52"]
[White "Klaus, Daniel"]
[Black "Günthner, Arthur"]
[Result "0-1"]
[WhiteElo "1985"]
[BlackElo "1897"]
[PlyCount "50"]
[EventDate "2010.??.??"]
[WhiteTeam "SF Möglingen 1976"]
[BlackTeam "Mönchfelder SV 1967"]

1. e4 c5 2. c3 d5 3. exd5 Qxd5 4. d4 Nc6 5. Nf3 Bg4 6. Be2 cxd4 7. cxd4 e6 8.
Nc3 Bb4 9. O-O Qa5 10. Bd2 Nge7 11. a3 Bxc3 12. bxc3 O-O 13. Re1 Rac8 14. a4
Rfd8 15. Rb1 Qc7 16. Rb5 Nd5 17. Qb1 b6 18. Rc1 Nf4 19. Qe4 Nxe2+ 20. Qxe2 Nxd4
21. cxd4 Qxc1+ 22. Bxc1 Rxc1+ 23. Qf1 Rxf1+ 24. Kxf1 Bxf3 25. gxf3 Rxd4 0-1

[Event "Stuttgarter Stadtmeisterschaft 2010 A"]
[Site "Ditzingen"]
[Date "2010.05.14"]
[Round "3.25"]
[White "Sieker, Roland"]
[Black "Montigel, Philipp"]
[Result "1/2-1/2"]
[WhiteElo "2050"]
[BlackElo "2162"]
[PlyCount "69"]
[EventDate "2010.??.??"]
[WhiteTeam "Mönchfelder SV 1967"]
[BlackTeam "SV Stuttgart-Wolfbusch 1956 e.V."]

1. e4 e5 2. Nf3 Nc6 3. Bc4 Bc5 4. c3 Nf6 5. d3 a6 6. O-O O-O 7. a4 d6 8. Bg5 h6
9. Bh4 Be6 10. Nbd2 g5 11. Bg3 Nh5 12. Nxe5 Nxg3 13. Nxc6 bxc6 14. hxg3 d5 15.
Ba2 a5 16. d4 Be7 17. Qh5 Kg7 18. Rae1 Qd7 19. Qe2 Rab8 20. b3 Rfe8 21. e5 f6
22. Bb1 fxe5 23. dxe5 Rf8 24. Bc2 c5 25. f4 Rb6 26. fxg5 Rxf1+ 27. Rxf1 Bxg5
28. Nf3 Bf7 29. Nh4 d4 30. Qd3 Bxh4 31. Qh7+ Kf8 32. gxh4 dxc3 33. Bg6 Rxg6 34.
Qxg6 Qd4+ 35. Kh1 1/2-1/2

[Event "Stuttgarter Stadtmeisterschaft 2010 A"]
[Site "Ditzingen"]
[Date "2010.05.14"]
[Round "3.29"]
[White "Gehringer, Frank"]
[Black "Stiepan, Hans-Michael"]
[Result "1-0"]
[WhiteElo "2039"]
[BlackElo "2135"]
[PlyCount "95"]
[EventDate "2010.??.??"]
[WhiteTeam "SC Leinfelden"]
[BlackTeam "SAbt SV Jedesheim 1921"]

1. e4 e6 2. d4 d5 3. Nc3 Bb4 4. Nge2 Ne7 5. a3 Ba5 6. b4 Bb6 7. g3 a5 8. Be3
axb4 9. axb4 Rxa1 10. Qxa1 O-O 11. Bg2 Nbc6 12. Qb2 e5 13. Nxd5 Nxd5 14. exd5
Nxd4 15. Bxd4 exd4 16. O-O Qf6 17. c4 dxc3 18. Qxc3 Qe7 19. Nf4 Re8 20. Nd3 Qe2
21. Nc5 h6 22. Bf3 Qb5 23. Re1 Rxe1+ 24. Qxe1 Bxc5 25. bxc5 Qxc5 26. Qe8+ Qf8
27. Qe5 Qd6 28. Qe8+ Qf8 29. Qe5 Qd8 30. Be4 Bh3 31. Bg2 Bxg2 32. Kxg2 b6 33.
Kf1 Qd7 34. Qe4 Kf8 35. Qh7 Qxd5 36. Qh8+ Ke7 37. Qxg7 Qe6 38. Qd4 c5 39. Qh4+
Kf8 40. Qd8+ Kg7 41. h4 c4 42. Qd4+ Kg8 43. g4 b5 44. g5 h5 45. f4 Qh3+ 46. Ke2
Qxh4 47. Qd8+ Kh7 48. g6+ 1-0

[Event "Stuttgarter Stadtmeisterschaft 2010 A"]
[Site "Ditzingen"]
[Date "2010.05.14"]
[Round "3.14"]
[White "Kerpe, Andreas"]
[Black "Vuckovic, Aleksandar"]
[Result "0-1"]
[WhiteElo "2128"]
[BlackElo "2317"]
[PlyCount "167"]
[EventDate "2010.??.??"]
[WhiteTeam "SAbt TSF Ditzingen"]
[BlackTeam "SK Kriegshaber"]

1. e4 c5 2. Nc3 Nc6 3. g3 g6 4. Bg2 Bg7 5. d3 d6 6. f4 e6 7. Nf3 Nge7 8. O-O
O-O 9. Be3 Nd4 10. Rb1 Qa5 11. Bd2 Qa6 12. a3 c4 13. dxc4 Qxc4 14. Nxd4 Bxd4+
15. Kh1 Bd7 16. Ne2 Bg7 17. Bc3 Bc6 18. Bxg7 Kxg7 19. Qd4+ Qxd4 20. Nxd4 Rac8
21. Rbd1 Rfd8 22. c3 Ba4 23. Rd2 e5 24. f5 Ng8 25. Nc2 Bxc2 26. Rxc2 Rc7 27.
fxg6 hxg6 28. Rcf2 Nh6 29. h3 b5 30. Rd2 f6 31. Rfd1 Nf7 32. Rd5 Rb8 33. Bf1 a6
34. Kg2 Rb6 35. Bd3 Kf8 36. Bb1 Ke7 37. Ba2 Ng5 38. Bb1 Rc4 39. Re1 Ne6 40. Rd2
Rc8 41. Ba2 a5 42. Bd5 Nc7 43. Rc1 Nxd5 44. Rxd5 Ke6 45. Rdd1 Rc4 46. Kf3 Rbc6
47. Ke3 b4 48. axb4 axb4 49. Kd3 bxc3 50. Rxc3 Rd4+ 51. Kc2 Rxc3+ 52. bxc3 Rxe4
53. Kd3 Ra4 54. Rd2 Ra1 55. Rg2 Rh1 56. h4 f5 57. Ke3 Rc1 58. Kd2 Ra1 59. Kd3
e4+ 60. Ke3 Ke5 61. Rb2 Rd1 62. Rb5+ Rd5 63. Rb3 Rd3+ 64. Kf2 d5 65. Ra3 f4 66.
gxf4+ Kxf4 67. Ra6 Rd2+ 68. Ke1 Rh2 69. Rxg6 Rxh4 70. Rg2 Rh3 71. Kd2 Kf3 72.
Re2 Rh1 73. Re3+ Kf4 74. Re2 Rh3 75. Rf2+ Rf3 76. Rh2 Rd3+ 77. Kc2 Rg3 78. Rd2
Rg5 79. Rf2+ Ke3 80. Rh2 Rf5 81. Rh3+ Rf3 82. Rh5 Rf2+ 83. Kb3 d4 84. c4 {Rest
unvollständig} 0-1

[Event "Stuttgarter Stadtmeisterschaft 2010 A"]
[Site "Ditzingen"]
[Date "2010.05.14"]
[Round "3.53"]
[White "Huynh, Nhi Lang"]
[Black "Hünerberg, Clemens"]
[Result "1/2-1/2"]
[WhiteElo "1869"]
[BlackElo "1984"]
[PlyCount "56"]
[EventDate "2010.??.??"]
[WhiteTeam "SAbt TSG Heilbronn 1845 e.V."]
[BlackTeam "SF 1954 Conweiler e.V."]

1. d4 g6 2. Nf3 Bg7 3. c4 d6 4. Nc3 a6 5. g3 Nd7 6. Bg2 c5 7. e3 Ngf6 8. O-O
Rb8 9. dxc5 Nxc5 10. Qc2 Bf5 11. Qd1 Bd3 12. Re1 Bxc4 13. b4 Nd3 14. Nd4 Nxe1
15. Qxe1 O-O 16. Bb2 e5 17. Nf3 Nd5 18. Nxd5 Bxd5 19. Rd1 Bxf3 20. Bxf3 b5 21.
Qd2 Qf6 22. Bg2 h5 23. Qd5 Qe6 24. Qxe6 fxe6 25. Rxd6 Rbd8 26. Rxa6 Rd2 27. Bc3
Rdxf2 28. Rxe6 Rc2 1/2-1/2

[Event "Stuttgarter Stadtmeisterschaft 2010 A"]
[Site "Ditzingen"]
[Date "2010.05.14"]
[Round "3.49"]
[White "Janata, Andreas"]
[Black "Novak, Josua"]
[Result "1-0"]
[WhiteElo "2002"]
[BlackElo "1865"]
[PlyCount "69"]
[EventDate "2010.??.??"]
[WhiteTeam "Sabt SpVgg Rommelshausen"]
[BlackTeam "SAbt TSV Münchingen"]

1. d4 Nf6 2. c4 c5 3. d5 b5 4. cxb5 a6 5. Nc3 axb5 6. e4 d6 7. Bxb5+ Bd7 8. Qe2
g6 9. Nf3 Bxb5 10. Qxb5+ Qd7 11. O-O Bg7 12. Bf4 O-O 13. Rfe1 Qxb5 14. Nxb5 Nh5
15. Bc1 Nd7 16. a4 Rfb8 17. Ra3 Nb6 18. b3 c4 19. a5 Nxd5 20. bxc4 Nb4 21. Re2
Rc8 22. g4 Nf6 23. Bd2 Na6 24. e5 dxe5 25. Nxe5 e6 26. Bg5 Ne8 27. Nd7 Rxc4 28.
h3 Rac8 29. Nb6 Rc1+ 30. Bxc1 Rxc1+ 31. Kg2 Nf6 32. Rd2 h6 33. Rd8+ Kh7 34. Ra8
Nc5 35. a6 1-0

[Event "Stuttgarter Stadtmeisterschaft 2010 A"]
[Site "Ditzingen"]
[Date "2010.05.14"]
[Round "3.37"]
[White "Reichert, Matthias"]
[Black "Baskin, Robert"]
[Result "1/2-1/2"]
[WhiteElo "2092"]
[BlackElo "1828"]
[PlyCount "91"]
[EventDate "2010.??.??"]
[WhiteTeam "SG Schwäb.Gmünd 1872 e.V"]
[BlackTeam "SAbt TuS Makkabi Ffm"]

1. e4 e6 2. d4 d5 3. Nc3 Bb4 4. Nge2 dxe4 5. a3 Be7 6. Nxe4 Nf6 7. N2g3 Bd7 8.
Bd3 Bc6 9. c3 Nbd7 10. O-O O-O 11. Qc2 b6 12. Rd1 Bb7 13. c4 Qc8 14. b3 h6 15.
Bb2 Nxe4 16. Bxe4 Nf6 17. Bxb7 Qxb7 18. Qe2 Rfe8 19. Rd3 Rac8 20. Rad1 c5 21.
dxc5 Rxc5 22. Bxf6 Bxf6 23. Ne4 Re5 24. Nxf6+ gxf6 25. Qd2 Rg5 26. g3 Re7 27.
Qf4 Kg7 28. h4 e5 29. Qe3 Rg4 30. Rd5 Qc8 31. Qf3 e4 32. Qe3 f5 33. Rd6 f6 34.
Qd4 Rf7 35. Re1 Qc7 36. Qd5 Qc5 37. Qxc5 bxc5 38. Re3 Re7 39. f4 Rc7 40. Kg2
Kf7 41. Rc3 Ke7 42. Rd5 Ke6 43. b4 cxb4 44. axb4 Rxc4 45. Rxc4 Kxd5 46. Rc5+
1/2-1/2

[Event "Stuttgarter Stadtmeisterschaft 2010 A"]
[Site "Ditzingen"]
[Date "2010.05.14"]
[Round "3.24"]
[White "Fahnenschmidt, Gerhard"]
[Black "Migl, Dieter"]
[Result "1-0"]
[WhiteElo "2059"]
[BlackElo "2183"]
[PlyCount "67"]
[EventDate "2010.??.??"]
[WhiteTeam "SAbt VfL Sindelfingen"]
[BlackTeam "Stuttgarter SF 1879"]

1. c4 e6 2. d4 d5 3. Nc3 c5 4. e3 Nc6 5. Nf3 Nf6 6. a3 a6 7. dxc5 Bxc5 8. b4
Bd6 9. Bb2 O-O 10. cxd5 exd5 11. Be2 Qe7 12. Nxd5 Nxd5 13. Qxd5 Rd8 14. Qc4 Be6
15. Qc3 f6 16. O-O Rac8 17. Qe1 Kh8 18. Rc1 Qf7 19. Nd4 Nxd4 20. Bxd4 Qg6 21.
Bf3 b5 22. Qd2 Qh6 23. g3 Bc4 24. Rfd1 Qh3 25. Bb6 Bc7 26. Bd4 h5 27. Qc3 h4
28. Bxf6 hxg3 29. fxg3 Bxg3 30. hxg3 Qxg3+ 31. Bg2 Bf1 32. Rxd8+ Kh7 33. Kxf1
Rxc3 34. Be4+ 1-0

[Event "Stuttgarter Stadtmeisterschaft 2010 A"]
[Site "Ditzingen"]
[Date "2010.05.14"]
[Round "3.36"]
[White "Donchenko, Alexander"]
[Black "Baumeister, Jürgen"]
[Result "1/2-1/2"]
[WhiteElo "2094"]
[BlackElo "1847"]
[PlyCount "56"]
[EventDate "2010.??.??"]
[WhiteTeam "SK 1858 Gießen"]
[BlackTeam "SC Asperg"]

1. Nf3 c5 2. c4 g6 3. Nc3 Bg7 4. g3 Nc6 5. Bg2 e6 6. O-O Nge7 7. a3 d5 8. cxd5
exd5 9. d3 O-O 10. Rb1 a6 11. Na4 b6 12. b4 c4 13. b5 axb5 14. Rxb5 cxd3 15.
exd3 Nd4 16. Nxd4 Bxd4 17. Bg5 f6 18. Be3 Bxe3 19. fxe3 Bd7 20. Rb4 Bxa4 21.
Rxa4 Qd7 22. Rxa8 Rxa8 23. Rxf6 Rxa3 24. Rxb6 Qa7 25. Qc1 Ra1 26. Rb1 Rxb1 27.
Qxb1 Qxe3+ 28. Kf1 Qe5 1/2-1/2

[Event "Stuttgarter Stadtmeisterschaft 2010 A"]
[Site "Ditzingen"]
[Date "2010.05.14"]
[Round "3.57"]
[White "Probst, Alexander"]
[Black "Rudhart, Michael"]
[Result "1-0"]
[WhiteElo "2024"]
[BlackElo "1926"]
[PlyCount "47"]
[EventDate "2010.??.??"]
[WhiteTeam "SC Blau.Turm Bad Wimpfen"]
[BlackTeam "SC Feuerbach e. V."]

1. e4 c5 2. Nf3 e6 3. d4 cxd4 4. Nxd4 Bc5 5. Nb3 Bb6 6. Bd3 Ne7 7. c4 d5 8.
cxd5 exd5 9. Nc3 dxe4 10. Nxe4 O-O 11. O-O Nbc6 12. Nd6 Bc7 13. Bf4 Bxd6 14.
Bxd6 Re8 15. Rc1 Nf5 16. Bf4 Qf6 17. Re1 Rd8 18. Qe2 g5 19. Bc7 Rd7 20. Bg3
Nxg3 21. hxg3 Re7 22. Qh5 Rxe1+ 23. Rxe1 Bf5 24. Qf3 1-0

[Event "Stuttgarter Stadtmeisterschaft 2010 A"]
[Site "Ditzingen"]
[Date "2010.05.14"]
[Round "3.15"]
[White "Kabisch, Thilo"]
[Black "Osmanovic, Faruk"]
[Result "0-1"]
[WhiteElo "2311"]
[BlackElo "2104"]
[PlyCount "93"]
[EventDate "2010.??.??"]
[BlackTeam "SC Blau.Turm Bad Wimpfen"]

1. e4 c5 2. Nf3 d6 3. d4 cxd4 4. Nxd4 Nf6 5. Nc3 a6 6. Bc4 e6 7. a3 Be7 8. Ba2
O-O 9. O-O Nc6 10. Kh1 Nxd4 11. Qxd4 b5 12. f4 Bb7 13. f5 e5 14. Qd3 Rc8 15.
Bd2 Rc7 16. Rae1 Qa8 17. Bg5 Rd8 18. Bxf6 Bxf6 19. Re2 Qa7 20. Bd5 Bc8 21. g4
Qd4 22. Qg3 Bg5 23. h4 Bf4 24. Qf3 Kh8 25. g5 g6 26. Rd1 Rxc3 27. Rxd4 Rxf3 28.
Rd3 Rxd3 29. cxd3 gxf5 30. Bxf7 fxe4 31. dxe4 Bg4 32. Re1 Rc8 33. b3 Bf3+ 34.
Kg1 Rc1 35. Rxc1 Bxc1 36. a4 Bxe4 37. axb5 axb5 38. Kf2 b4 39. Kg3 d5 40. Kg4
d4 41. h5 d3 42. Bc4 d2 43. Be2 Bc2 44. g6 d1=Q 45. Bxd1 Bxd1+ 46. Kf5 hxg6+
47. hxg6 0-1